00000000cam 2200000zi 4500
0019.961482
003CaOODSP
00520260508112711
006m     o  d f      
007cr mn|||||||||
008260330s2026    onc     ob   f000 0 fre d
020 |a9780660993102
040 |aCaOODSP|bfre|erda|cCaOODSP
043 |an-cn---
0861 |aPS84-259/2026F-PDF
0861 |aPS82-4/25-31F-PDF
1001 |aStewart, Molly, |eauteur.
24510|aFavoriser la transition hors des unités d'intervention structurée vers la population carcérale régulière dans les cas complexes / |cpréparé par : Molly Stewart, Jessica Lundy et Laura McKendy.
264 1|a[Ottawa] : |bService correctionnel du Canada = Correctional Service Canada, |c2026.
300 |a1 ressource en ligne (2 pages non numérotées).
336 |atexte|btxt|2rdacontent/fre
337 |ainformatique|bc|2rdamedia/fre
338 |aressource en ligne|bcr|2rdacarrier/fre
4901 |aRecherche en bref ; |vRIB-25-31
500 |aTitre de départ.
500 |aPublié aussi en anglais sous le titre : Supporting transition from Structured Intervention Units (SIUs) to mainstream populations in complex cases.
504 |aComprend des références bibliographiques.
520 |a« Les environnements sociaux favorisant la « préparation au changement », combinés à des interventions postérieures à un séjour dans une unité d'intervention structurée (UIS) pour gérer les échecs, peuvent faciliter une intégration durable en établissement dans les cas complexes des UIS » -- Faits saillants de la recherche, page [1].
650 6|aRéhabilitation|zCanada.
650 6|aEmprisonnement cellulaire|zCanada|xGestion.
650 6|aPrisons|xDiscipline|zCanada.
7102 |aService correctionnel Canada. |bDirection de la recherche, |eorganisme de publication.
77508|tSupporting transition from Structured Intervention Units (SIUs) to mainstream populations in complex cases / |w(CaOODSP)9.961481
830#0|aRecherche en bref (Service correctionnel Canada)|vRIB-25-31.|w(CaOODSP)9.805235
85640|qPDF|s754 Ko|uhttps://publications.gc.ca/collections/collection_2026/scc-csc/PS84-259-2026-fra.pdf
8564 |qHTML|sS.O.|uhttps://www.canada.ca/fr/service-correctionnel/organisation/bibliotheque/recherche/bref/25-31.html